| 000 | 00700cam a22002411 4500 | ||
|---|---|---|---|
| 001 | ne 68003605 | ||
| 003 | DLC | ||
| 005 | 20260227111847.0 | ||
| 008 | 890401s1966 xx b 000 0 ara | ||
| 010 | _ane 68003605 | ||
| 035 | _a(OCoLC)23512648 | ||
| 040 |
_aDLC _cMiU _dDLC |
||
| 042 | _apremarc | ||
| 050 | 0 | 0 |
_aDS63.6 _b.Y85 |
| 100 | 1 | _aYūsuf, Yūsuf Khalīl. | |
| 245 | 1 | 3 | _aal-Qawmīyah al-ʻArabīyah wa-dawr al-tarbiyah fī taḥqīqihā. |
| 260 | _c1966 [cover 1967] | ||
| 300 |
_a284 p. _bfold. map. _c25 cm. |
||
| 500 | _aRomanized. | ||
| 650 | 0 |
_aNationalism _zArab countries. |
|
| 650 | 0 |
_aNationalism and education _zArab countries. |
|
| 830 | 0 |
_aMaktabah al-ʻArabīyah ; _v49. |
|
| 999 |
_c50801 _d50801 |
||